00816 a2200133 4500020001500000082001700015245049100032250001300523260004500536300002800581650002900609650002200638650002200660 a0080440177 a624.1821 CHA aAdvances in steel structures [vol-1] /bproceedings of the Third International Conference on Advances in Steel Structures, 9-11 December 2002, Hong Kong, China /cedited by S.L. Chan, J.G. Teng, and K.F. Chung ; organized by Research Center for Advanced Technology in Structural Engineering, Department of Civil and Structural Engineering, The Hong Kong Polytechnic University ; sponsored by The Hong Kong Institution of Engineers, The Hong Kong Institution [sic] of Steel Construction. a1st. ed. aAmsterdam ;aBoston :bElsevier,cc2002. a614p. :bill. ;c25 cm. aBuilding, Iron and steel aStructural design aSteel, Structural